Guess The Movie From One Shot #4 - Statistics

General Stats
  • This quiz has been taken 477 times
  • The average score is 7 of 15
Answer Stats
Picture Answer % Correct
Up
97%
The Godfather
96%
Iron Man
88%
Black Swan
70%
12 Angry Men
60%
Saw
58%
I Am Legend
57%
Shutter Island
53%
The Intouchables
28%
Midnight in Paris
26%
Into the Wild
25%
The Book of Eli
20%
3:10 to Yuma
14%
Demolition
11%
3 Idiots
9%
No matching quizzes found
Score Distribution
Percent of People with Each Score
Percentile by Number Answered
Your Score History
You have not taken this quiz